| 000 | 01343cam a2200337 4500 | ||
|---|---|---|---|
| 002 | 5717 | ||
| 008 | 040719n2003 000 0 eng u | ||
| 020 | _a0632058293 | ||
| 035 | _a(Sirsi) u126828 | ||
| 041 | _aeng | ||
| 050 |
_a631.1 _c18 |
||
| 245 | _aPrimrose McConnell's the agricultural notebook | ||
| 250 | _a20th ed. | ||
| 260 |
_aOxford _bBlackwell _c2003 |
||
| 300 |
_axvi, 744p. _c25cm. |
||
| 350 | _a39.50 | ||
| 520 | _aThe twentieth edition of this standard reference work for the farming industry is divided into four sections: crops, management, animal production, and farm equipment. New topics covered in this edition include a marketing perspective on diversification, organic farming, and farming and wildlife. Also provides chapters on the Common Agricultural Policy, farm business management, farm staff management, agricultural law, and farm buildings. Relevant to both students and professionals. References. | ||
| 650 | _aFARMING INDUSTRY | ||
| 650 | _aGRASSLAND | ||
| 650 | _aORGANIC FARMING | ||
| 650 | _aFARM BUILDINGS | ||
| 650 | _aWOODLAND MANAGEMENT | ||
| 650 | _aFARM DIVERSIFICATION | ||
| 650 | _aFARM MACHINERY | ||
| 650 | _aFARM BUSINESS MANAGEMENT | ||
| 650 | _aLIVESTOCK FARMING | ||
| 650 | _aCROPS | ||
| 690 |
_aRural _96268 |
||
| 700 |
_aSoffe, Richard J. _xEditor |
||
| 942 | _n0 | ||
| 999 |
_c103647 _d103647 |
||